000 00804nam0a22002411 4500
001 rc\325771
005 20250621035556.0
010 _a5-08-001995-6
_9100000
035 _a(NLR Aleph) 005559649
090 _a5897627
_c5897627
100 _a20030307d1989 |||y0rusy50 ca
101 0 _arus
102 _aRU
105 _aa |||||||||
200 1 _aЭффект Косичкиной
_eСб. рассказов молодых писателей
_e[Для детей
_fСост. Ю. Лопусов
_gХудож. Н. Бальжак]
210 _aМ.
_cДет. лит.
_d1989
215 _a221, [2] с.
_cил.
_d21
702 1 _aЛопусов
_bЮ.А.
_gЮрий Александрович
_4220
801 0 _aRU
_bNLR
_gpsbo
801 1 _aRU
_bELAR
_2rusmarc
852 _aNLR
_j89-3/14583
942 _cBOOK
980 _aNB